000 00534nam a22001817a 4500
005 20260421095555.0
008 260421b |||||||| |||| 00| 0 eng d
020 _a978-1-4398-9646-4
050 _aQA 76.76 .A65 D83 2013
_bC.1
100 _aDUBEY, ABHISHEK
245 _aANDROID SECURITY
_bATTACKS AND DEFENSES
260 _aNEW YORK
_bFRANCIS GROUP
_c2013
300 _aXI, 251P, ILL
500 _aINCLUIDES APPENDIXS A TO C, GLOSARY, AND INDEX
650 _aATTACKS AND DEFENSES
700 _aMISRA, ANMOL
942 _2lcc
_cBK
999 _c217034
_d217034